Biblioteca y Centro de Documentación

El Derecho cooperativo alemán (Registro nro. 30571)

Detalles MARC
000 -CABECERA
Longitud fija campo de control 00984naa a2200313 c 4500
001 - NÚMERO DE CONTROL
Número de control 30571
003 - IDENTIFICADOR DE NÚMERO DE CONTROL
Identificador del número de control ES-MaCES
005 - FECHA Y HORA DE LA ÚLTIMA TRANSACCIÓN
Fecha y hora de la última transacción 19990126184800.0
008 - CAMPO FIJO DE DESCRIPCIÓN FIJA--INFORMACIÓN GENERAL
Códigos de información de longitud fija   980609n1997 sp ||| | ger d
035 ## - NÚMERO DE CONTROL DEL SISTEMA
Número de control del sistema CES19980045223v
040 ## - FUENTE DE CATALOGACIÓN
Centro catalogador de origen ES-MaCES
Lengua de catalogación spa
Centro transcriptor ES-MaCES
041 0# - CÓDIGO DE IDIOMA
Código de lengua del texto;banda sonora o título independiente ger
-- eng
245 03 - MENCIÓN DE TÍTULO
Título El Derecho cooperativo alemán
Mención de responsabilidad, etc. Ralf Marten Pachmann... [et al.]
500 ## - NOTA GENERAL
Nota general Textos en alemán e inglés
504 ## - NOTA DE BIBLIOGRAFÍA, ETC.
Nota de bibliografía, etc. Bibliografía
650 #4 - ASIENTO SECUNDARIO DE MATERIA--TÉRMINO DE MATERIA
Término de materia o nombre geográfico como elemento inicial Alemania
9 (RLIN) 26944
650 #4 - ASIENTO SECUNDARIO DE MATERIA--TÉRMINO DE MATERIA
Término de materia o nombre geográfico como elemento inicial legislación cooperativa
9 (RLIN) 30375
650 #4 - ASIENTO SECUNDARIO DE MATERIA--TÉRMINO DE MATERIA
Término de materia o nombre geográfico como elemento inicial organización de la empresa
9 (RLIN) 28193
650 #4 - ASIENTO SECUNDARIO DE MATERIA--TÉRMINO DE MATERIA
Término de materia o nombre geográfico como elemento inicial miembros
9 (RLIN) 27280
650 #4 - ASIENTO SECUNDARIO DE MATERIA--TÉRMINO DE MATERIA
Término de materia o nombre geográfico como elemento inicial derecho
9 (RLIN) 27151
650 #4 - ASIENTO SECUNDARIO DE MATERIA--TÉRMINO DE MATERIA
Término de materia o nombre geográfico como elemento inicial movimiento cooperativo
9 (RLIN) 27137
650 #4 - ASIENTO SECUNDARIO DE MATERIA--TÉRMINO DE MATERIA
Término de materia o nombre geográfico como elemento inicial cooperativa
9 (RLIN) 27136
653 10 - TÉRMINO DE INDEXACIÓN--NO CONTROLADO
Término no controlado Derecho administrativo
700 1# - ENCABEZAMIENTO SECUNDARIO--NOMBRE PERSONAL
Nombre de persona Pachmann, Ralf Marten
9 (RLIN) 20199
773 0# - ENTRADA DE DOCUMENTO FUENTE
Título Boletín
Parte(s) relacionada(s) N. 29 (1997, 2) ; p. 183-303
Número de control del registro relacionado (ES-MaCES)25689
902 ## - CES. TIPO DE DOCUMENTO
Tipodoc (006$c Sirtex) ART Artículo de revista
942 ## - ELEMENTOS KOHA
Fuente de clasificaión o esquema Clasificación propia del CES
Koha [por defecto] tipo de item Artículos (1982-2017)
Parte de clasificación 6.0.2.

No hay ítems disponibles.

© CES, Consejo Económico y Social de España 2021